{"text_format":"1","workbook":"xlsx","n_sheets":1,"sheets":["inv_fertilizantes_abril_2022"],"not_rendered":{"charts":0,"images":2,"macros":0,"external_links":0,"defined_names":1,"comments":0,"pivot_tables":0},"unopened":[],"bounds":{"document_bytes":16777216,"sheet_cells":100000,"rows_first":2000,"rows_last":500,"rows_between":2000,"halvings":0,"cell_chars":16384,"cell_head_chars":4096},"cells_cut":0,"cells_raw":0,"read":"whole","date_system":"1900"}

{"sheet":"inv_fertilizantes_abril_2022","index":0,"n_rows":103,"n_cols":8,"rows_kept":103,"cut":false,"hidden":false,"merged":[[1,0,1,7],[42,0,42,7],[2,0,2,7],[3,0,3,7],[5,0,9,0],[5,1,9,1],[5,2,9,2],[5,3,9,3],[5,4,9,4],[5,5,9,5],[5,6,9,6],[5,7,9,7],[20,0,20,6],[43,0,43,7],[44,0,44,7],[46,5,50,5],[46,6,50,6],[46,7,50,7],[46,0,50,0],[46,1,50,1],[46,2,50,2],[46,3,50,3],[46,4,50,4],[102,0,102,6],[88,0,92,0],[88,1,92,1],[88,2,92,2],[88,3,92,3],[88,4,92,4],[88,5,92,5],[88,6,92,6],[88,7,92,7],[84,0,84,7],[85,0,85,7],[86,0,86,7],[61,0,61,6]]}
[]
["INSTITUTO DEL TABACO DE LA REPÚBLICA DOMINICANA"]
["INVENTARIO FERTILIZANTES"]
["MES DE ENERO 2026"]
[]
["Fecha de adquisición y/o registro","Artículo","Código instritucional","Descripción artículo","Existencia","Unidad","Costo","Valor"]
[]
[]
[]
[]
["2017-01-11","FERTILIZANTES ( 1 )","17-2-17S","17-0-17(S)+4MGO-ME (65%N-N03)",26,"QTAL",2019.6,{"$f":"+G11*E11","v":52509.599999999999}]
["2017-06-26","FERTILIZANTES ( 1 )","2-21-22S","2-21-22S+6MGO+ME",63,"QTAL",153,{"$f":"+G12*E12","v":9639}]
["2017-12-26","FERTILIZANTES ( 1 )","A10-18-15","ABONO 10-18-15(S) FORM.SULF.",22,"QTAL",2490.25,54785.5]
["2017-11-10","FERTILIZANTES ( 1 )","A10-18-15(S)","ABONO 10-18-15(S)",13,"QTAL",2310.36,30034.68]
["2017-01-23","FERTILIZANTES ( 1 )","NIT CAL.","NITRATO  CALSIO 15N+26CAO  ",2,"25KG",868,1736]
["2007-02-28","FERTILIZANTES ( 1 )","NIT-CALCIO","NITRATO DE CALCIO",8,"25 KL",929,7432]
["2016-10-04","HERRAMIENTAS ( 10 )","BANDEJ-200H","BANDEJAS 200 HOYOS (2MM DE ESPESOR) ",18980,"UNIDAD",41,778180]
["2017-06-26","TABACO ( 19 )","PL.T.","PLANTULAS DE TABACO",4411070,"UND",0.74977000000000005,3307287.9539000001]
["2017-06-27","FERTILIZANTES ( 1 )","PSV","PACA SUSTRATO C/PERLITA VERMICULITA Y PH",197,"UND",1700,334900]
["2017-06-28","ADHERENTE-COAGULANTE ( 39 )","REGPH","REGULADOR PH EMULS. DISP. Y ADH.",907,"250 ML",190,172330]
["TOTAL",null,null,null,null,null,null,{"$f":"SUM(H11:H20)","v":4748834.7339000003}]
[]
[]
[]
[]
[]
[]
[]
[]
[]
[]
[]
[]
[]
[]
[]
[]
[]
[]
[]
[]
[]
["INSTITUTO DEL TABACO DE LA REPÚBLICA DOMINICANA"]
["INVENTARIO FERTILIZANTES"]
["MES DE FEBRERO 2026"]
[]
["Fecha de adquisición y/o registro","Artículo","Código instritucional","Descripción artículo","Existencia","Unidad","Costo","Valor"]
[]
[]
[]
[]
["2017-01-11","FERTILIZANTES ( 1 )","17-2-17S","17-0-17(S)+4MGO-ME (65%N-N03)",6,"QTAL",2019.6,{"$f":"+G52*E52","v":12117.599999999999}]
["2017-06-26","FERTILIZANTES ( 1 )","2-21-22S","2-21-22S+6MGO+ME",63,"QTAL",153,{"$f":"+G53*E53","v":9639}]
["2017-12-26","FERTILIZANTES ( 1 )","A10-18-15","ABONO 10-18-15(S) FORM.SULF.",22,"QTAL",2490.25,54785.5]
["2017-11-10","FERTILIZANTES ( 1 )","A10-18-15(S)","ABONO 10-18-15(S)",13,"QTAL",2310.36,30034.68]
["2017-01-23","FERTILIZANTES ( 1 )","NIT CAL.","NITRATO  CALSIO 15N+26CAO  ",2,"25KG",868,1736]
["2007-02-28","FERTILIZANTES ( 1 )","NIT-CALCIO","NITRATO DE CALCIO",8,"25 KL",929,7432]
["2016-10-04","HERRAMIENTAS ( 10 )","BANDEJ-200H","BANDEJAS 200 HOYOS (2MM DE ESPESOR) ",18980,"UNIDAD",41,778180]
["2017-06-26","TABACO ( 19 )","PL.T.","PLANTULAS DE TABACO",7193905,"UND",0.76146000000000003,5477870.9013]
["2016-10-04","FERTILIZANTES ( 1 )","PSV","PACA SUSTRATO C/PERLITA VERMICULITA Y PH",197,"UND",1700,334900]
["2016-10-04","ADHERENTE-COAGULANTE ( 39 )","REGPH","REGULADOR PH EMULS. DISP. Y ADH.",907,"250 ML",190,172330]
["TOTAL",null,null,null,null,null,null,{"$f":"SUM(H52:H61)","v":6879025.6813000003}]
[]
[]
[]
[]
[]
[]
[]
[]
[]
[]
[]
[]
[]
[]
[]
[]
[]
[]
[]
[]
[]
[]
["INSTITUTO DEL TABACO DE LA REPÚBLICA DOMINICANA"]
["INVENTARIO FERTILIZANTES"]
["MES DE MARZO 2026"]
[]
["Fecha de adquisición y/o registro","Artículo","Código instritucional","Descripción artículo","Existencia","Unidad","Costo","Valor"]
[]
[]
[]
[]
["2017-01-11","FERTILIZANTES ( 1 )","17-2-17S","17-0-17(S)+4MGO-ME (65%N-N03)",6,"QTAL",2019.6,{"$f":"+G94*E94","v":12117.599999999999}]
["2017-06-26","FERTILIZANTES ( 1 )","2-21-22S","2-21-22S+6MGO+ME",63,"QTAL",153,{"$f":"+G95*E95","v":9639}]
["2017-12-26","FERTILIZANTES ( 1 )","A10-18-15(S)","ABONO 10-18-15(S)",8,"QTAL",2310.36,18482.88]
["2017-11-10","FERTILIZANTES ( 1 )","NIT CAL.","NITRATO  CALSIO 15N+26CAO  ",2,"25KG",868,1736]
["2017-01-23","FERTILIZANTES ( 1 )","NIT-CALCIO","NITRATO DE CALCIO",8,"25 KL",929,7432]
["2007-02-28","HERRAMIENTAS ( 10 )","BANDEJ-200H","BANDEJAS 200 HOYOS (2MM DE ESPESOR) ",18980,"UNIDAD",41,778180]
["2007-03-01","TABACO ( 19 )","PL.T.","PLANTULAS DE TABACO",9944632,"UND",0.76658999999999999,7623455.4448800003]
["2007-03-02","FERTILIZANTES ( 1 )","PSV","PACA SUSTRATO C/PERLITA VERMICULITA Y PH",195,"UND",1700,331500]
["2007-03-03","ADHERENTE-COAGULANTE ( 39 )","REGPH","REGULADOR PH EMULS. DISP. Y ADH.",907,"250 ML",190,172330]
["TOTAL",null,null,null,null,null,null,{"$f":"SUM(H94:H102)","v":8954872.9248799998}]